000 00293nam a2200109Ia 4500
008 220204s9999 xx 000 0 und d
082 _aNR:63:930.25
_bARC.42
245 0 _aSelection of the RRIM 600 series clones
260 _aMalaysia
_bRRIM
_c1965
490 _aRRIM Archives No.42
942 _cBK
999 _c22753
_d22753